Modeling Solid Oxide Fuel Cells : (Record no. 11702)
[ view plain ]
| 000 -LEADER | |
|---|---|
| fixed length control field | 01308cam a22003855a 4500 |
| 001 - CONTROL NUMBER | |
| control field | 15243523 |
| 005 - DATE AND TIME OF LATEST TRANSACTION | |
| control field | 20150817111700.0 |
| 006 - FIXED-LENGTH DATA ELEMENTS--ADDITIONAL MATERIAL CHARACTERISTICS--GENERAL INFORMATION | |
| fixed length control field | a||||fr||z| 00| 0 |
| 008 - FIXED-LENGTH DATA ELEMENTS--GENERAL INFORMATION | |
| fixed length control field | 080402s2008 wb a frb 000 0 eng |
| 010 ## - LIBRARY OF CONGRESS CONTROL NUMBER | |
| LC control number | 2008926212 |
| 015 ## - NATIONAL BIBLIOGRAPHY NUMBER | |
| National bibliography number | GBA868055 |
| Source | bnb |
| 016 7# - NATIONAL BIBLIOGRAPHIC AGENCY CONTROL NUMBER | |
| Record control number | B0805635 |
| Source | bccb |
| 020 ## - INTERNATIONAL STANDARD BOOK NUMBER | |
| International Standard Book Number | 1402069944 |
| 020 ## - INTERNATIONAL STANDARD BOOK NUMBER | |
| International Standard Book Number | 9781402069949 |
| 035 ## - SYSTEM CONTROL NUMBER | |
| System control number | (OCoLC)ocn191658890 |
| 040 ## - CATALOGING SOURCE | |
| Original cataloging agency | UKM |
| Language of cataloging | eng |
| Transcribing agency | UKM |
| Modifying agency | YDXCP |
| -- | BAKER |
| -- | NLGGC |
| -- | CDX |
| -- | BWX |
| -- | DLC |
| -- | EG-ScBUE |
| 042 ## - AUTHENTICATION CODE | |
| Authentication code | ukblsr |
| -- | lccopycat |
| 050 00 - LIBRARY OF CONGRESS CALL NUMBER | |
| Classification number | TK2931 |
| Item number | .M64 2008 |
| 082 04 - DEWEY DECIMAL CLASSIFICATION NUMBER | |
| Classification number | 621.312429 |
| Item number | MOD |
| Edition number | 22 |
| 245 00 - TITLE STATEMENT | |
| Title | Modeling Solid Oxide Fuel Cells : |
| Remainder of title | Methods, Procedures and Techniques / |
| Statement of responsibility, etc | R. Bove, S. Ubertini, editors. |
| 260 ## - PUBLICATION, DISTRIBUTION, ETC. (IMPRINT) | |
| Place of publication, distribution, etc | [Berlin] : |
| Name of publisher, distributor, etc | Springer, |
| Date of publication, distribution, etc | c.2008. |
| 300 ## - PHYSICAL DESCRIPTION | |
| Extent | xiv, 395 p. : |
| Other physical details | ill. ; |
| Dimensions | 25 cm. + |
| Accompanying material | 1 CD-ROM (4 3/4 in.) |
| 490 0# - Series Statement | |
| Series statement | Fuel cells and hydrogen energy ; |
| 504 ## - BIBLIOGRAPHY, ETC. NOTE | |
| Bibliography, etc | Bibliography : p. 393-395. |
| 590 ## - LOCAL NOTE (RLIN) | |
| Local note | Mohamed Hussein |
| 650 #0 - SUBJECT ADDED ENTRY--TOPICAL TERM | |
| Topical term or geographic name as entry element | Solid oxide fuel cells |
| 9 (RLIN) | 26061 |
| General subdivision | Mathematical models |
| Source of heading or term | BUEsh |
| 650 #0 - SUBJECT ADDED ENTRY--TOPICAL TERM | |
| Topical term or geographic name as entry element | Fuel cells |
| 9 (RLIN) | 26062 |
| General subdivision | Mathematical models |
| Source of heading or term | BUEsh |
| 651 ## - SUBJECT ADDED ENTRY--GEOGRAPHIC NAME | |
| Source of heading or term | BUEsh |
| 653 ## - INDEX TERM--UNCONTROLLED | |
| Resource For college | Engineering, General |
| Arrived date list | August2015 |
| 700 1# - ADDED ENTRY--PERSONAL NAME | |
| Personal name | Bove, R. |
| 9 (RLIN) | 5690 |
| Relator term | editor |
| 700 1# - ADDED ENTRY--PERSONAL NAME | |
| Personal name | Ubertini, S. |
| 9 (RLIN) | 5691 |
| Relator term | editor |
| 942 ## - ADDED ENTRY ELEMENTS (KOHA) | |
| Source of classification or shelving scheme | Dewey Decimal Classification |
| Item type | Book - Borrowing |
| Withdrawn status | Item status | Source of classification or shelving scheme | Damaged status | Not for loan | Vendor | Home library | Current library | Shelving location | Date acquired | Source of acquisition | Cost, normal purchase price | Serial Enumeration / chronology | Total Checkouts | Full call number | Barcode | Date last seen | Koha item type |
|---|---|---|---|---|---|---|---|---|---|---|---|---|---|---|---|---|---|
| Dewey Decimal Classification | Baccah | Central Library | Central Library | First floor | 03/07/2011 | 800.00 | 7117 | 621.31242 MOD | 000016418 | 15/07/2025 | Book - Borrowing | ||||||
| Dewey Decimal Classification | Baccah | Central Library | Central Library | First floor | 31/05/2009 | 7117 | 621.31242 MOD | 000016419 | 24/08/2022 | CD | DVD - With book |